Innovaciones en programas de postítulo en administración

Salvato in:
Dettagli Bibliografici
Autore principale: Persico Jiménez, Pablo (Autore)
Natura: Libro
Lingua:spagnolo
Pubblicazione: Santiago Corporación de Promoción Universitaria 1994
Soggetti:
Tags: Aggiungi Tag
Nessun Tag, puoi essere il primo ad aggiungerne!!

MARC

LEADER 00000nam a2200000 a 4500
001 UCU5417
003 CL-VaPUC
008 960604e19940000CL |||||||||||||||||spa|d
082 0 4 |a 378.25  |b PER  |2 21 
100 0 |a Persico Jiménez, Pablo  |e author  |9 363416 
245 1 0 |a Innovaciones en programas de postítulo en administración 
300 |a 141 p 
942 |c BK 
945 |d 19960604 00:00:00  |a rbrito 
260 |a Santiago  |b Corporación de Promoción Universitaria  |c 1994 
650 7 |a CURSO DE PERFECCIONAMIENTO  |2 CL-VaPUC  |9 363417 
650 0 |a Educación superior   |9 223851 
650 7 |a DIPLOMADOS EN ADMINISTRACION  |2 CL-VaPUC  |9 363418 
650 7 |a CURSOS DE POSTGRADO  |2 CL-VaPUC  |9 363419 
583 |a last modification  |c 19960604 00:00:00  |k Rodrigo Vera 
999 |c 248786  |d 248784 
952 |0 0  |1 0  |4 0  |6 378_250000000000000_PER_1994  |7 0  |8 A  |9 265640  |a BIBENE  |b BIBENE  |d 2019-11-19  |i 3200981  |o 378.25 PER 1994  |p 3200981  |r 2025-01-15  |w 2019-11-19  |y BK  |k ICO 
952 |0 0  |1 0  |4 0  |6 378_250000000000000_PER_1994  |7 0  |8 A  |9 265641  |a BIBEDU  |b BIBEDU  |d 2019-11-19  |i 3418472  |o 378.25 PER 1994  |p 3418472  |r 2019-11-19  |w 2019-11-19  |y BK  |k BME